000 00509nam a2200181Ia 4500
001 9401
005 20260306161715.0
008 260306t2009||||xx |||||||||||||| ||spa||
041 _aESP
082 _a378.4
_bI59
100 _aSalvioli, Fabián
_eAUT
245 0 _aLa universidad y la educación en el siglo XXI.:
_bLos derechos humanos como pilares de la nueva reforma universitaria
260 _c2009
300 _a429 páginas :
_c21 cm.
650 _aGEN
654 _aCED
942 _cLIB
_dJUS
_fJUS
_2ddc
_n
999 _c9401
_d9401